000 00782nam a2200229Ia 4500
003 GCL
008 140319s9999 xx 000 0 ara d
040 _aGCL /
_cGCL
082 0 4 _aق
_b932.0710
_bد ح
100 1 _aانطوان زكرى
245 1 0 _aالحكومة الاشتراكية منذ 3500 سنة مصر الاقتصادية فى عهد الاسرة 18 الفرعونية . /
_cانطوان زكرى
700 1 _aدرينيس سرجى
260 _a[S.N] :
_bلا يوجد
300 _a192 ص
490 _a
650 0 4 _aالاحوال السياسية
650 0 4 _aالاشتراكية
650 0 4 _aمصر القديمة
650 0 4 _aالاحوال الاقتصادية
650 0 4 _aتاريخ الدولة الحديثة (1580_525
942 _2ddc
_cBK
999 _c36208
_d36208